|
|
|
|
| LEADER |
00000cam a2200000Mu 4500 |
| 001 |
EBOOKCENTRAL_on1243553313 |
| 003 |
OCoLC |
| 005 |
20240329122006.0 |
| 006 |
m o d |
| 007 |
cr ||||||||||| |
| 008 |
210327s2019 mau o ||| 0 ger d |
| 040 |
|
|
|a EBLCP
|b eng
|c EBLCP
|d REDDC
|d K6U
|d OCLCF
|d OCLCO
|d OCLCQ
|d OCLCL
|
| 020 |
|
|
|a 9783657767496
|
| 020 |
|
|
|a 3657767495
|
| 035 |
|
|
|a (OCoLC)1243553313
|
| 050 |
|
4 |
|a UH87
|b .T547 2009
|
| 082 |
0 |
4 |
|a 355.424
|2 23
|
| 049 |
|
|
|a UAMI
|
| 100 |
1 |
|
|a Pöppinghege, Rainer.
|
| 245 |
1 |
0 |
|a Tiere Im Krieg
|h [electronic resource] :
|b Von der Antike Bis Zur Gegenwart.
|
| 260 |
|
|
|a Boston :
|b BRILL,
|c 2019.
|
| 300 |
|
|
|a 1 online resource (280 p.)
|
| 500 |
|
|
|a Description based upon print version of record.
|
| 590 |
|
|
|a ProQuest Ebook Central
|b Ebook Central Academic Complete
|
| 650 |
|
0 |
|a Animals
|x War use.
|
| 650 |
|
6 |
|a Animaux
|x Utilisation militaire.
|
| 650 |
|
7 |
|a Animals
|x War use
|2 fast
|
| 655 |
|
4 |
|a German language materials.
|
| 758 |
|
|
|i has work:
|a Tiere im Krieg (Text)
|1 https://id.oclc.org/worldcat/entity/E39PCGPbkyBC8GmpXWGQXHTYCP
|4 https://id.oclc.org/worldcat/ontology/hasWork
|
| 776 |
0 |
8 |
|i Print version:
|a Pöppinghege, Rainer
|t Tiere Im Krieg
|d Boston : BRILL,c2019
|z 9783506767493
|
| 856 |
4 |
0 |
|u https://ebookcentral.uam.elogim.com/lib/uam-ebooks/detail.action?docID=6513733
|z Texto completo
|
| 938 |
|
|
|a ProQuest Ebook Central
|b EBLB
|n EBL6513733
|
| 994 |
|
|
|a 92
|b IZTAP
|